| 000 | 00809nam a2200277 a 4500 | ||
|---|---|---|---|
| 001 | 2605875 | ||
| 003 | ARRUPE | ||
| 005 | 20161018091402.0 | ||
| 008 | 970528s1997 sw a 000 0 eng c | ||
| 010 | _a 97155521 | ||
| 020 | _a915200435X | ||
| 040 |
_aCU _cCU |
||
| 041 | 1 |
_aeng _hswe |
|
| 042 | _apcc | ||
| 043 | _ae-sw--- | ||
| 050 | 1 | 4 | _aDL658.8H32813 |
| 100 | 1 |
_aHadenius, Stig, _d1931- _926842 |
|
| 245 | 1 | 0 |
_aSwedish politics during the 20th century : _bconflict and consensus / _cby Stig Hadenius |
| 250 | _a4th. ed. | ||
| 260 |
_aStockholm, Sweden : _bSvenska institutet, _cc1997. |
||
| 300 |
_a174 p.; _bill. ; _c21 cm. |
||
| 651 | 0 |
_aSweden _xPolitics _y20th century. _926843 |
|
| 906 |
_a7 _bcbc _cpccunad _du _encip _f19 _gy-gencatlg |
||
| 942 |
_2lcc _cMONOGRAPH |
||
| 999 |
_c125538 _d125538 |
||